Estudios de derecho procesal canónico: posteriores al Código de 1983

保存先:
書誌詳細
第一著者: Diego-Lora, Carmelo de (著者)
フォーマット: 図書
言語:スペイン語
出版事項: Pamplona Universidad de Navarra 1990
主題:
タグ: タグ追加
タグなし, このレコードへの初めてのタグを付けませんか!

MARC

LEADER 00000nam a2200000 a 4500
001 UCV3196
003 CL-VaPUC
008 930429e19900000SP |||||||||||||||||spa|d
082 0 4 |a 262.94  |b DIE  |2 21 
100 0 |a Diego-Lora, Carmelo de  |e author  |9 297450 
245 1 0 |a Estudios de derecho procesal canónico: posteriores al Código de 1983 
300 |a v 
942 |c BK 
945 |d 19930429 00:00:00 
260 |a Pamplona  |b Universidad de Navarra  |c 1990 
500 |a v.4: Función pastoral y justicia 
650 7 |a DERECHO CANONICO  |2 CL-VaPUC  |9 297451 
650 7 |a INTERPRETACION DEL DERECHO  |2 CL-VaPUC  |9 297452 
583 |a last modification  |c 20161026 12:14:58  |k Rodrigo Vera 
999 |c 210500  |d 210498 
952 |0 0  |1 0  |4 0  |6 262_940000000000000_DIE_1990  |7 0  |8 A  |9 186801  |a BIBDER  |b BIBDER  |d 2019-11-14  |h v.4  |i 2544113  |o 262.94 DIE 1990  |p 2544113  |r 2023-01-25  |w 2019-11-14  |y BK  |k DER